LEADER 01458nam0 22003613i 450 001 NAP0388554 005 20251003044248.0 010 $a8817112917 100 $a20200218d2006 ||||0itac50 ba 101 | $aita$ceng 102 $ait 181 1$6z01$ai $bxxxe 182 1$6z01$an 183 1$6z01$anc$2RDAcarrier 200 1 $aˆL'‰ultimo teorema di Fermat$el'avventura di un genio, di un problema matematico e dell'uomo che lo ha risolto$fSimon Singh 210 $a13 ed 215 $a[Milano] :BUR, 2006. 354 p. :ill.$d20 cm 225 | $aBUR$i. Saggi 300 $aTrad. di : Carlo Capararo, Brunello Lotti. 410 0$1001CFI0450599$12001 $aBUR$i. Saggi 500 10$aFermat?s last theorem$3RAV0302382$9RAVV101988$929532 606 $aTeorema di Fermat$2FIR$3CFIC021298$9E 676 $a500$9Scienze naturali e matematica$v14 676 $a512.7$9ALGEBRA. Teoria dei numeri$v22 700 1$aSingh$b, Simon$3RAVV101988$4070$079243 801 3$aIT$bIT-000000$c20200218 850 $aIT-BN0095 901 $bNAP 01$cBCA $nComprende monografie e periodici di diritto, testi di ingegneria, di scienze e tecnologia di nuova acquisizione. 912 $aNAP0388554 950 0$aBiblioteca Centralizzata di Ateneo$c1 v.$d 01BCA LETT. 52$e 0104 0000004585 VMA 1 v.$fA $h20071023$i20071023 977 $a 01 996 $aFermat?s last theorem$929532 997 $aUNISANNIO